logo

Bir Sreshtho Munshi Abdur Rouf Library
Jhenaidah Cadet College

শ্রেষ্ঠ গল্প / (Record no. 13032)

MARC details
000 -LEADER
fixed length control field 00690nam a2200217 a 4500
001 - CONTROL NUMBER
JCCL Control Number 13032
003 - CONTROL NUMBER IDENTIFIER
JCCL marc code BD-JhCC
005 - DATE AND TIME OF LATEST TRANSACTION
control field 20230615084348.0
008 - FIXED-LENGTH DATA ELEMENTS--GENERAL INFORMATION
fixed length control field 230614b2015 b ||||| ||a| 00| 0 eng d
020 ## - INTERNATIONAL STANDARD BOOK NUMBER
International Standard Book Number 9847008403522
035 ## - SYSTEM CONTROL NUMBER
system control number (BD-JhCC)13032
040 ## - CATALOGING SOURCE
Original cataloging agency BD-JhCC
Modifying agency BD-JhCC
041 ## - LANGUAGE CODE
Language code of Book bengali
082 ## - DEWEY DECIMAL CLASSIFICATION NUMBER
Classification number 891.4435
Author mark and Year GAN 2015
100 ## - MAIN ENTRY--PERSONAL NAME
Personal name গঙ্গোপাধ্যায়,নারায়ণ
245 ## - TITLE STATEMENT
Title শ্রেষ্ঠ গল্প /
Statement of responsibility, etc নারায়ণ গঙ্গোপাধ্যায়
260 ## - PUBLICATION, DISTRIBUTION, ETC. (IMPRINT)
Place of publication, distribution, etc ঢাকা:
Name of publisher, distributor, etc শোভা প্রকাশ
Date of publication, distribution, etc 2015
300 ## - PHYSICAL DESCRIPTION
Pagination 207p. :
Dimensions 21 cm.
650 ## - SUBJECT ADDED ENTRY--TOPICAL TERM
Topical term or geographic name as entry element Collection of Short story
942 ## - ADDED ENTRY ELEMENTS (KOHA)
Source of classification or shelving scheme Dewey Decimal Classification
Koha item type Books
Holdings
Source of classification or shelving scheme Damaged status Not for loan Home library Current library Shelving location Date of accession Source of acquisition Cost, normal purchase price Full call number Barcode Date last seen Copy number Method of acquisition Koha item type Currency
Dewey Decimal Classification     JCC Rouf Library JCC Rouf Library General Stacks 06/14/2023 37th Intake 250.00 891.4435 GAN 2015 18066 06/14/2023 C-1 Gift/Donation Books BDT

JCC Library | Contacts | JCC Home

Last Update on 23 September 2017
Copyright @ 2017-2020 JCC Rouf Library
Rouf Library, Jhenidah Cadet College (JCC), Bangladesh